Datum a čas kvízu
32.5
Celkem bodů
Celkový počet nahraných bodů na tomto kvízu bez doplňovacích otázek.
8.
Pořadí na kvízu
Konečné umístění týmu na tomto kvízu.
Zaznamenané odpovědi
| # | Otázka | Odpověď | Body | Výsledky |
|---|---|---|---|---|
| 1. | Minulý týden navštívil Pražský... | v Polsku, Karol Nawrocki | 1 | |
| 2. | Již poněkolikáté vyhrál volby... | po Adolfu Hitlerovi | 1 | |
| 3. | Minulý týden proběhlo vyhlášen... | Jan Špaček | 0 | |
| 4. | Která automobilka představila... | Škoda Auto | 1 | |
| 5. | V sobotu začala nová biatlonov... | v Östersundu | 1 | |
| 6. | Seřaďte tyto ostrovy dle rozlo... | 1D 2B 3A 4C | 0 | |
| 7. | Nyní přiřaďte ostrovy ke států... | 1C 2B 3A 4D | 1 | |
| 8. | Kterému ostrovnímu středomořsk... | Malta | 1 | |
| 9. | Nyní si odskočíme ke kinematog... | Řek Zorba, Anthony Quinn | 1 | |
| 10. | Ke kterému středomořskému ostr... | Elba | 0 |